Phonetic alphabet - Statistics

General Stats
  • This quiz has been taken 10 times
  • The average score is 20 of 26
Answer Stats
Question Answer % Correct
A Alpha
100%
B Bravo
100%
C Charlie
100%
D Delta
100%
E Echo
100%
F Foxtrot
89%
G Golf
89%
H Hotel
89%
J Juliette
89%
L Lima
89%
T Tango
89%
I India
78%
N November
78%
Q Quebec
78%
S Sierra
78%
K Kilo
67%
M Mike
67%
P Papa
67%
R Romeo
67%
W Wiskey
67%
X X-ray
67%
Y Yankee
67%
Z Zulu
67%
O Oscar
56%
U Uniform
56%
V Victor
56%
No matching quizzes found
Score Distribution
Percent of People with Each Score
Percentile by Number Answered
Your Score History
You have not taken this quiz